| 000 | 00916nam a22002537a 4500 | ||
|---|---|---|---|
| 005 | 20240530110601.0 | ||
| 008 | 160204s2006 ua ao f 000 0 ara d | ||
| 017 |
_a2006/3263 _bمصر . دار الكتب المصرية |
||
| 020 | _a9773058573 | ||
| 040 | _aEG-CaGPL | ||
| 082 | 0 | 4 |
_221 _a759\ _bف ب |
| 100 | 0 | _aفوزية الاشعل | |
| 245 | 1 | 0 |
_aبيكار / _cالاعداد فوزية الاشعل ؛ الاشراف مصطفى حسين |
| 250 | _aط1 | ||
| 260 |
_aالقاهرة : _bوزارة الثقافة : العلاقات الثقافية الخارجية ، _c2006 . |
||
| 300 |
_a366 ص : _bصور ؛ _c30 سم . |
||
| 490 | _aسلسلة كتب بريزم للفن | ||
| 650 | 0 | 4 |
_aالفنانون _vتراجم |
| 650 | 0 | 4 | _aالرسم |
| 650 | 0 | 4 | _aرسم الاشخاص |
| 700 | 0 |
_aمصطفى حسين _eمشرف |
|
| 942 |
_2ddc _cBK |
||
| 999 |
_c62672 _d62672 |
||